[Event "XV Festival A"]
[Site "Padova ITA"]
[Date "2012.12.22"]
[Round "8"]
[White "Sibilio, Mario"]
[Black "De Santis, Alessio"]
[WhiteElo "2349"]
[BlackElo "2281"]
[Result "1/2-1/2"]
[PlyCount "35"]
[EventDate "2012.12.16"]

1. d4 d6 2. Nf3 f5 3. Nc3 Nf6 4. Bg5 d5 5. Bxf6 exf6 6. a3 c6 7. e3 Bd6 8. Bd3
Be6 9. Ne2 Qe7 10. c3 Nd7 11. Nf4 Bf7 12. O-O g6 13. Qc2 O-O 14. c4 dxc4 15.
Bxc4 Bxf4 16. exf4 Nb6 17. Rfe1 Qd6 18. Bxf7+ 1/2-1/2

[Event "XV Festival A"]
[Site "Padova ITA"]
[Date "2012.12.22"]
[Round "8"]
[White "Viola, Enrico"]
[Black "D'Orta, Antonio"]
[WhiteElo "1865"]
[BlackElo "1934"]
[Result "0-1"]
[PlyCount "139"]
[EventDate "2012.12.16"]

1. Nf3 c6 2. c4 d5 3. cxd5 cxd5 4. d4 Nf6 5. Nc3 Nc6 6. Bf4 Bf5 7. e3 Qa5 8.
Bb5 Ne4 9. Qb3 Nxc3 10. bxc3 e6 11. O-O Rc8 12. c4 dxc4 13. Bxc4 Qb4 14. Qxb4
Bxb4 15. d5 exd5 16. Bxd5 Bc3 17. Rac1 Bb2 18. Rcd1 O-O 19. e4 Bg4 20. Rb1 Bxf3
21. Rxb2 Bh5 22. Rxb7 Nd4 23. Be3 Ne2+ 24. Kh1 Nc3 25. Bxa7 Nxd5 26. exd5 Rc2
27. d6 h6 28. d7 Bg4 29. Bb6 Rb2 30. a4 Bxd7 31. Rxd7 Rxb6 32. g3 Ra8 33. Rd4
Rb2 34. Rfd1 Rxf2 35. Rd8+ Rxd8 36. Rxd8+ Kh7 37. a5 Ra2 38. Ra8 g5 39. Kg1 Kg6
40. g4 h5 41. gxh5+ Kxh5 42. Rf8 Kg6 43. Rg8+ Kf5 44. Rf8 f6 45. Ra8 Kg4 46.
Ra6 f5 47. Rg6 Rxa5 48. h3+ Kh5 49. Rf6 Kh4 50. Rg6 Ra2 51. Kf1 Rh2 52. Rh6+
Kg3 53. Rh5 Rh1+ 54. Ke2 Kf4 55. Kf2 Rh2+ 56. Kg1 Re2 57. Kf1 Ra2 58. Kg1 g4
59. hxg4 Kxg4 60. Rh8 f4 61. Rg8+ Kf3 62. Rf8 Rg2+ 63. Kf1 Rg4 64. Rd8 Kg3 65.
Rd3+ f3 66. Rc3 Ra4 67. Rc1 Ra2 68. Kg1 Rg2+ 69. Kh1 Rh2+ 70. Kg1 0-1

[Event "XV Festival A"]
[Site "Padova ITA"]
[Date "2012.12.22"]
[Round "8"]
[White "Vocaturo, Daniele"]
[Black "Del Monaco, Andrea"]
[WhiteElo "2521"]
[BlackElo "2247"]
[Result "1-0"]
[PlyCount "115"]
[EventDate "2012.12.16"]

1. e4 c5 2. Nc3 g6 3. d4 cxd4 4. Qxd4 Nf6 5. Nf3 Nc6 6. Qa4 d6 7. e5 dxe5 8.
Nxe5 Qd4 9. Nxc6 Qxa4 10. Nxa4 bxc6 11. Be3 e5 12. Bc4 Nd5 13. Bc5 Be6 14.
O-O-O Be7 15. Rhe1 f6 16. g3 g5 17. Bxd5 cxd5 18. f4 gxf4 19. gxf4 e4 20. Bxe7
Kxe7 21. Nc3 Rhd8 22. Nb5 Rac8 23. Re3 Rc5 24. Nd4 Rg8 25. Rg3 Rxg3 26. hxg3
Bg4 27. Rh1 h5 28. Kd2 a6 29. Ke3 Kd6 30. Rh2 Rc8 31. Rd2 Bd7 32. Ne2 Ke6 33.
Rd1 Ke7 34. Rd2 Bb5 35. Nc3 Bc6 36. Rh2 Rg8 37. Rh3 Kd6 38. Kd4 Rb8 39. Nd1
Rb4+ 40. Kc3 Rc4+ 41. Kd2 Bd7 42. Rh1 d4 43. b3 Rc8 44. c3 dxc3+ 45. Nxc3 e3+
46. Kd3 Re8 47. Re1 Kc5 48. Rxe3 Bf5+ 49. Ke2 Bg4+ 50. Kd2 Rxe3 51. Kxe3 Kb4
52. Nd5+ Ka3 53. Nxf6 Bd1 54. Ne4 a5 55. f5 Bg4 56. f6 Be6 57. Nc5 Bf7 58. Nb7
1-0

[Event "XV Festival A"]
[Site "Padova ITA"]
[Date "2012.12.22"]
[Round "8"]
[White "Zuttioni, Federico"]
[Black "Damia, Angelo"]
[WhiteElo "2001"]
[BlackElo "2281"]
[Result "0-1"]
[PlyCount "91"]
[EventDate "2012.12.16"]

1. e4 Nf6 2. e5 Nd5 3. d4 d6 4. Nf3 dxe5 5. Nxe5 c6 6. Bd3 Nd7 7. Nxd7 Bxd7 8.
O-O g6 9. c3 Bg7 10. Nd2 O-O 11. Nf3 Bg4 12. Be2 Qc7 13. Re1 Rad8 14. Qb3 Rfe8
15. Bg5 Be6 16. Qc2 Nf4 17. Bf1 Bd5 18. Re3 Ne6 19. Bh4 Bh6 20. Bg3 Qc8 21.
Ree1 Bxf3 22. gxf3 Ng5 23. Kg2 c5 24. dxc5 Qc6 25. Re3 Ne6 26. Re4 Nxc5 27. Rc4
Rd2 28. Qc1 b5 29. Rb4 a6 30. Qe1 Qf6 31. Qe5 Qxe5 32. Bxe5 Be3 33. Bg3 Na4 34.
c4 Bc5 35. Rb3 b4 36. a3 bxa3 37. bxa3 Nb2 38. Rc3 Nd1 39. Rd3 Ne3+ 40. Rxe3
Bxe3 41. c5 Bxc5 42. Bxa6 Ra8 43. Bc4 Rxa3 44. Rc1 Bd6 45. f4 Rd4 46. f5 0-1

[Event "XV Festival A"]
[Site "Padova ITA"]
[Date "2012.12.23"]
[Round "9"]
[White "Bonan, Yves"]
[Black "Bozzao, Francesco"]
[WhiteElo "1891"]
[BlackElo "1857"]
[Result "1/2-1/2"]
[PlyCount "79"]
[EventDate "2012.12.16"]

1. Nf3 Nf6 2. g3 c5 3. c4 g6 4. Bg2 Nc6 5. Nc3 Bg7 6. O-O O-O 7. d3 d6 8. Rb1
Rb8 9. a3 a6 10. Bg5 b5 11. cxb5 axb5 12. Nd2 Bd7 13. Nde4 Nxe4 14. Bxe4 h6 15.
Bd2 Qc7 16. Qc1 Bh3 17. Bxh6 Bxf1 18. Bxg7 Kxg7 19. Qxf1 Rh8 20. Bg2 b4 21. Ne4
bxa3 22. bxa3 Nd4 23. Rxb8 Qxb8 24. Qa1 e5 25. e3 Nb3 26. Qc3 Rd8 27. Ng5 Rd7
28. Bd5 c4 29. Qxc4 Nd2 30. Qa2 Qb1+ 31. Qxb1 Nxb1 32. a4 Nc3 33. Bc6 Rc7 34.
Be8 Kf8 35. Bxf7 Rxf7 36. Nxf7 Kxf7 37. a5 Ke7 38. f4 exf4 39. gxf4 Kd7 40. Kf2
1/2-1/2

[Event "XV Festival A"]
[Site "Padova ITA"]
[Date "2012.12.23"]
[Round "9"]
[White "Cardili, Mariano"]
[Black "Zuttioni, Federico"]
[WhiteElo "2126"]
[BlackElo "2001"]
[Result "1-0"]
[PlyCount "91"]
[EventDate "2012.12.16"]

1. d4 Nf6 2. c4 e6 3. Nc3 d5 4. cxd5 Nxd5 5. e4 Nxc3 6. bxc3 c5 7. Nf3 cxd4 8.
cxd4 Bb4+ 9. Bd2 Bxd2+ 10. Qxd2 O-O 11. Bc4 b5 12. Bxb5 Bb7 13. Bd3 Nc6 14. Bc2
Ba6 15. Bd3 Bxd3 16. Qxd3 Qa5+ 17. Kf1 Rfd8 18. g3 Nxd4 19. Nxd4 Qb6 20. Kg2
Rxd4 21. Qe3 Rad8 22. Rab1 Qa5 23. Rb7 e5 24. Qb3 R4d7 25. Rb5 Qc7 26. Qb2 Rd2
27. Qxe5 Qxe5 28. Rxe5 Rxa2 29. Rd1 Rf8 30. Rd7 g6 31. Ree7 h5 32. e5 Ra6 33.
Rxa7 Rxa7 34. Rxa7 Rb8 35. f4 Rb2+ 36. Kh3 Re2 37. Kh4 Rxh2+ 38. Kg5 Rb2 39.
Re7 Rg2 40. Kf6 Rxg3 41. Rxf7 Rg4 42. f5 gxf5 43. e6 Ra4 44. Rg7+ Kh8 45. e7
Re4 46. Rf7 1-0

[Event "XV Festival A"]
[Site "Padova ITA"]
[Date "2012.12.23"]
[Round "9"]
[White "Codenotti, Marco"]
[Black "Petkov, Vladimir"]
[WhiteElo "2362"]
[BlackElo "2567"]
[Result "0-1"]
[PlyCount "86"]
[EventDate "2012.12.16"]

1. e4 c5 2. c3 d5 3. exd5 Qxd5 4. d4 Nc6 5. Nf3 Bg4 6. Be2 cxd4 7. cxd4 e6 8.
O-O Nf6 9. Nc3 Qa5 10. h3 Bh5 11. a3 Be7 12. Be3 O-O 13. Qb3 Qb6 14. Qxb6 axb6
15. g4 Bg6 16. Ne5 Rfd8 17. Nxg6 hxg6 18. Rfd1 Nd5 19. Nxd5 exd5 20. Rac1 g5
21. Rc3 Rd6 22. Rb3 Nd8 23. f4 gxf4 24. Bxf4 Rc6 25. Bf3 Ne6 26. Bg3 Rd8 27.
Rb5 Bd6 28. Bxd5 Bxg3 29. Bxc6 bxc6 30. Rxb6 Nxd4 31. Kg2 Be5 32. Rb4 f6 33. a4
c5 34. Rb7 Ra8 35. b3 c4 36. bxc4 Rxa4 37. Rd2 Rxc4 38. Re7 Rc3 39. Ra2 Nc6 40.
Rb7 Rg3+ 41. Kf1 Rxh3 42. Ra6 Rf3+ 43. Ke1 Bc3+ 0-1

[Event "XV Festival A"]
[Site "Padova ITA"]
[Date "2012.12.23"]
[Round "9"]
[White "Collutiis, Duilio"]
[Black "Rossi, Carlo"]
[WhiteElo "2495"]
[BlackElo "2286"]
[Result "1-0"]
[PlyCount "109"]
[EventDate "2012.12.16"]

1. e4 c6 2. d4 d5 3. Nd2 g6 4. h3 Nf6 5. e5 Nh5 6. Nb3 a5 7. a4 Na6 8. Bd2 Nb4
9. c3 Na6 10. Nc1 Nc7 11. h4 f6 12. Be2 Ng7 13. h5 Rg8 14. hxg6 hxg6 15. Nd3
Be6 16. Nf3 Bf7 17. Qb3 Rb8 18. Kf1 Nce6 19. Re1 g5 20. g3 Bg6 21. Nh2 Be4 22.
f3 Bg6 23. Ng4 f5 24. Ngf2 Nh5 25. Kg2 f4 26. gxf4 gxf4 27. Ng4 Qd7 28. Kf2 Ng3
29. Rh4 Nxe2 30. Kxe2 Bxd3+ 31. Kxd3 c5 32. Qb5 Qxb5+ 33. axb5 b6 34. Rg1 Bg7
35. Nf2 Kd7 36. Rhg4 cxd4 37. cxd4 Rbc8 38. Nh3 Rc4 39. Bc3 Rh8 40. Ng5 Nxg5
41. Rxg5 Bf8 42. Rg8 Rxg8 43. Rxg8 Rc8 44. Bd2 e6 45. Bxf4 a4 46. Bd2 a3 47.
bxa3 Bxa3 48. Rg7+ Ke8 49. Rb7 Rc4 50. Rxb6 Kd7 51. Bc3 Bc1 52. Rd6+ Ke7 53.
Rc6 Ra4 54. b6 Kd7 55. b7 1-0

[Event "XV Festival A"]
[Site "Padova ITA"]
[Date "2012.12.23"]
[Round "9"]
[White "D'Orta, Antonio"]
[Black "Battagin, Mose'"]
[WhiteElo "1934"]
[BlackElo "1816"]
[Result "1-0"]
[PlyCount "67"]
[EventDate "2012.12.16"]

1. e4 d6 2. d4 Nf6 3. Nc3 g6 4. Be3 c6 5. f3 Bg7 6. Bc4 Nbd7 7. Qd2 h5 8. Bb3
b5 9. Nh3 Nb6 10. Bg5 Bxh3 11. gxh3 Nc4 12. Bxc4 bxc4 13. Qe2 O-O 14. Qxc4 d5
15. Qd3 dxe4 16. fxe4 Qb6 17. O-O-O Rfe8 18. h4 e5 19. d5 Ng4 20. Qf3 f6 21. h3
Rab8 22. b3 fxg5 23. hxg4 Rf8 24. Qh3 gxh4 25. gxh5 g5 26. Qe6+ Rf7 27. Rhf1
Rbf8 28. h6 Bxh6 29. Rxf7 Rxf7 30. Qxh6 Qe3+ 31. Kb1 c5 32. Rd3 Qf4 33. d6 Qg4
34. Nd5 1-0

[Event "XV Festival A"]
[Site "Padova ITA"]
[Date "2012.12.23"]
[Round "9"]
[White "De Santis, Alessio"]
[Black "Quaranta, Cristiano"]
[WhiteElo "2281"]
[BlackElo "2102"]
[Result "1-0"]
[PlyCount "55"]
[EventDate "2012.12.16"]

1. Nf3 Nf6 2. c4 g6 3. Nc3 Bg7 4. e4 d6 5. d4 O-O 6. Be2 Na6 7. O-O e5 8. Be3
Ng4 9. Bg5 Qe8 10. h3 f6 11. Bd2 Nh6 12. Qc1 Nf7 13. Re1 f5 14. exf5 Bxf5 15.
c5 Qd7 16. dxe5 Nxe5 17. Nxe5 Bxe5 18. c6 bxc6 19. Bxa6 Bxh3 20. Rxe5 dxe5 21.
gxh3 Qxh3 22. Qf1 Qg4+ 23. Qg2 Qb4 24. Ne4 Qb6 25. Bc4+ Kh8 26. Bc3 Rae8 27.
Rd1 Rf5 28. Rd7 1-0

[Event "XV Festival A"]
[Site "Padova ITA"]
[Date "2012.12.23"]
[Round "9"]
[White "Del Monaco, Andrea"]
[Black "Efimov, Igor"]
[WhiteElo "2247"]
[BlackElo "2413"]
[Result "1-0"]
[PlyCount "107"]
[EventDate "2012.12.16"]

1. d4 d5 2. c4 dxc4 3. Nf3 a6 4. e3 Nf6 5. Bxc4 e6 6. O-O Nbd7 7. Qe2 c5 8. a4
Qc7 9. Nc3 Bd6 10. Bd2 b6 11. Rac1 Bb7 12. h3 O-O 13. Bd3 Qb8 14. Ng5 Rd8 15.
a5 b5 16. Nce4 c4 17. Bb1 h6 18. Nxd6 Qxd6 19. Nf3 Be4 20. Ba2 e5 21. Bc3 Nd5
22. Be1 exd4 23. Nxd4 Re8 24. b3 Bxg2 25. Qg4 Be4 26. bxc4 Re5 27. h4 N7f6 28.
c5 Qc7 29. Qg3 Nh5 30. Qg4 Ndf6 31. Qh3 Rxc5 32. Bd2 Rc8 33. f3 Bb7 34. Rxc5
Qxc5 35. Rc1 Qxc1+ 36. Bxc1 Rxc1+ 37. Kf2 g6 38. Qh2 g5 39. Qb8+ Bc8 40. hxg5
hxg5 41. Ne2 Rc6 42. Qa8 Rc5 43. Qa7 Nd7 44. Nd4 Nhf6 45. Bb1 b4 46. Qa8 Kf8
47. Nc6 Ne8 48. Qxc8 Ne5 49. Be4 b3 50. Qb7 Nf6 51. Qb8+ Kg7 52. Nxe5 Rb5 53.
Qxb5 axb5 54. Nd3 1-0

[Event "XV Festival A"]
[Site "Padova ITA"]
[Date "2012.12.23"]
[Round "9"]
[White "Franco, Alessandro P."]
[Black "Viola, Enrico"]
[WhiteElo "1906"]
[BlackElo "1865"]
[Result "1-0"]
[PlyCount "41"]
[EventDate "2012.12.16"]

1. e4 c5 2. Nf3 Nc6 3. c3 e5 4. d4 cxd4 5. cxd4 exd4 6. Nxd4 Bc5 7. Nxc6 Qf6 8.
Qc2 Qxc6 9. Bd3 Bb4+ 10. Bd2 Qxc2 11. Bxc2 Bxd2+ 12. Nxd2 Ne7 13. Nc4 d5 14.
Nd6+ Kf8 15. e5 Ng6 16. O-O-O Nxe5 17. Rhe1 f6 18. f4 Bg4 19. fxe5 Bxd1 20. e6
Ke7 21. Nf5+ 1-0

[Event "XV Festival A"]
[Site "Padova ITA"]
[Date "2012.12.23"]
[Round "9"]
[White "Gallo, Enrico"]
[Black "Sibilio, Mario"]
[WhiteElo "2074"]
[BlackElo "2349"]
[Result "0-1"]
[PlyCount "140"]
[EventDate "2012.12.16"]

1. e4 d6 2. d4 Nf6 3. Nc3 g6 4. Bc4 Bg7 5. Qe2 e5 6. dxe5 dxe5 7. Nf3 Qe7 8.
Bg5 c6 9. O-O-O Nbd7 10. Nd2 h6 11. Bh4 O-O 12. f3 b5 13. Bb3 Nc5 14. a3 a5 15.
Bf2 Nfd7 16. a4 bxa4 17. Nxa4 Ba6 18. Qe3 Nxa4 19. Bxa4 Bb5 20. Bxb5 cxb5 21.
Nb1 Rfb8 22. Nc3 Nb6 23. Nd5 Nxd5 24. Rxd5 a4 25. Rhd1 Qe6 26. Qd3 b4 27. b3
Bf8 28. bxa4 Rxa4 29. Kd2 Ra3 30. Qc4 Rc8 31. Qb5 Rac3 32. Ke1 Rxc2 33. Kf1 Rc1
34. Be1 Rxd1 35. Rxd1 Qb3 36. Qd5 Qxd5 37. exd5 Bd6 38. Bd2 h5 39. Rc1 Rxc1+
40. Bxc1 e4 41. fxe4 Be5 42. d6 Kf8 43. Ke2 b3 44. Ba3 Ke8 45. Kd3 Kd7 46. h3
Bxd6 47. Bb2 Ke6 48. Kc4 Be5 49. Kxb3 Bxb2 50. Kxb2 Ke5 51. Kc2 Kf4 52. Kd3 Kg3
53. Kd4 Kxg2 54. Ke5 Kf3 55. h4 Ke3 56. Kd6 g5 57. hxg5 h4 58. e5 h3 59. e6
fxe6 60. Kxe6 h2 61. g6 h1=Q 62. g7 Ke4 63. Ke7 Qa1 64. Kf8 Qf6+ 65. Kg8 Qg6
66. Kf8 Qf6+ 67. Kg8 Kf5 68. Kh7 Qh4+ 69. Kg8 Qg4 70. Kh7 Qh5+ 0-1

[Event "XV Festival A"]
[Site "Padova ITA"]
[Date "2012.12.23"]
[Round "9"]
[White "Lantini, Marco"]
[Black "Dorigo, Tommaso"]
[WhiteElo "2186"]
[BlackElo "1899"]
[Result "0-1"]
[PlyCount "122"]
[EventDate "2012.12.16"]

1. d4 d5 2. c4 Bf5 3. Nd2 e6 4. Ngf3 Nf6 5. g3 c6 6. Bg2 Bd6 7. Nh4 Bg4 8. Qc2
Nbd7 9. e4 dxe4 10. O-O O-O 11. Nxe4 Nxe4 12. Bxe4 Nf6 13. Bg2 Rc8 14. Re1 Re8
15. Bd2 Qc7 16. Bg5 Be7 17. Bf4 Bd6 18. Be5 Nd7 19. Qe4 f5 20. Qe3 Nxe5 21.
dxe5 Bb4 22. Reb1 Qa5 23. h3 Bc5 24. b4 Bxe3 25. bxa5 Bd4 26. hxg4 fxg4 27. Bf1
Bxe5 28. Ng2 Rcd8 29. Ne3 h5 30. a4 Bxa1 31. Rxa1 Rd2 32. Rb1 Re7 33. c5 Kf7
34. Nc4 Ra2 35. Rb4 g5 36. Nd6+ Kf6 37. Nxb7 h4 38. Nd6 h3 39. Rxg4 Rh7 40. f3
h2+ 41. Kh1 Ra1 42. Ne4+ Ke7 43. Nd2 Rd1 44. Rd4 e5 45. Rd6 Rh8 46. a6 Rd8 47.
Nc4 Rxf1+ 48. Kxh2 Rxd6 49. cxd6+ Ke6 50. Kg2 Ra1 51. a5 Ra4 52. d7 Kxd7 53.
Nxe5+ Kc7 54. Kh3 c5 55. Kg2 Rxa5 56. Kf2 Rxa6 57. Nf7 Rg6 58. Ke3 Rg7 59. Nh6
Kc6 60. Kd3 Kb5 61. Nf5 c4+ 0-1

[Event "XV Festival A"]
[Site "Padova ITA"]
[Date "2012.12.23"]
[Round "9"]
[White "Mosca, Leonildo"]
[Black "Giuriato, Sergio"]
[WhiteElo "2113"]
[BlackElo "1959"]
[Result "1/2-1/2"]
[PlyCount "78"]
[EventDate "2012.12.16"]

1. e4 e5 2. Nf3 Nc6 3. Bc4 Nf6 4. d3 Bc5 5. c3 d6 6. Bb3 h6 7. Nbd2 a6 8. O-O
O-O 9. Re1 Be6 10. Bc2 Ng4 11. Re2 f5 12. exf5 Bxf5 13. Ne4 Ba7 14. Ng3 Bh7 15.
h3 Nxf2 16. Rxf2 Bxf2+ 17. Kxf2 Qh4 18. Qe1 e4 19. dxe4 Ne5 20. Ke2 Nxf3 21.
gxf3 d5 22. Nf5 Qxh3 23. Qg1 Bxf5 24. exf5 Rae8+ 25. Be3 Rf7 26. Re1 Rfe7 27.
Kd2 Qxf3 28. Bxh6 Re2+ 29. Rxe2 Rxe2+ 30. Kc1 Rg2 31. Qe1 Re2 32. Qg1 Rg2 33.
Qe1 Rxc2+ 34. Kxc2 Qxf5+ 35. Kb3 gxh6 36. Qg3+ Kf8 37. Qxc7 Qf7 38. Qd6+ Kg7
39. Qe5+ Kh7 1/2-1/2

[Event "XV Festival A"]
[Site "Padova ITA"]
[Date "2012.12.23"]
[Round "9"]
[White "Shishkin, Vadim"]
[Black "Boscolo, Federico"]
[WhiteElo "2501"]
[BlackElo "2320"]
[Result "1-0"]
[PlyCount "57"]
[EventDate "2012.12.16"]

1. d4 Nf6 2. c4 g6 3. Nc3 Bg7 4. e4 d6 5. Be2 O-O 6. Be3 e5 7. d5 a5 8. g4 Na6
9. h4 Nc5 10. Bf3 Bd7 11. g5 Nh5 12. Bxh5 gxh5 13. Bxc5 dxc5 14. Qxh5 f5 15.
Qe2 fxe4 16. Nxe4 Rf4 17. f3 Bf5 18. Qe3 Bxe4 19. fxe4 Qe8 20. Ne2 Qa4 21. Nxf4
exf4 22. Qb3 Qb4+ 23. Qxb4 axb4 24. Rh2 Re8 25. Kf1 Rxe4 26. Re1 Rxc4 27. Rhe2
Bd4 28. Re4 f3 29. h5 1-0

[Event "XV Festival A"]
[Site "Padova ITA"]
[Date "2012.12.23"]
[Round "9"]
[White "Solomon, Kenny"]
[Black "Dvirnyy, Danyyil"]
[WhiteElo "2440"]
[BlackElo "2537"]
[Result "0-1"]
[PlyCount "118"]
[EventDate "2012.12.16"]

1. Nf3 d5 2. d4 Nf6 3. c4 c6 4. Nc3 e6 5. Bg5 Nbd7 6. e3 Qa5 7. cxd5 Nxd5 8.
Qd2 Bb4 9. Rc1 h6 10. Bh4 c5 11. a3 Bxc3 12. bxc3 b6 13. c4 Qxd2+ 14. Nxd2 Ne7
15. f3 f5 16. Bg3 Ba6 17. Bd3 Kf7 18. Ke2 Rhe8 19. Nb3 cxd4 20. exd4 Nc6 21.
Kf2 Rad8 22. Rhd1 g5 23. Kg1 f4 24. Bf2 Rc8 25. d5 Nce5 26. dxe6+ Kxe6 27. Nd4+
Kf6 28. Bf5 Rc7 29. Re1 Nc5 30. g3 fxg3 31. Bxg3 Rce7 32. Kg2 Nxc4 33. Rxe7
Rxe7 34. Bh3 h5 35. Kf1 h4 36. Bf2 Nd3 37. Rc3 Nxf2 38. Kxf2 Ne5 39. Bf5 Bc4
40. a4 a6 41. Be4 Rd7 42. Ke3 Bf7 43. Ne2 Nc4+ 44. Kf2 Ke5 45. Bd3 Nb2 46. Bc2
Bc4 47. Re3+ Kf6 48. Ke1 Nd3+ 49. Bxd3 Rxd3 50. Re4 b5 51. f4 g4 52. axb5 axb5
53. Re5 Rf3 54. Re8 Rh3 55. Nd4 Rxh2 56. Rf8+ Ke7 57. Rb8 g3 58. Rb6 Rh1+ 59.
Kd2 g2 0-1

[Event "XV Festival A"]
[Site "Padova ITA"]
[Date "2012.12.23"]
[Round "9"]
[White "Tsalughelashvili, Lile"]
[Black "Santolini, Luigi"]
[WhiteElo "2085"]
[BlackElo "2144"]
[Result "1-0"]
[PlyCount "77"]
[EventDate "2012.12.16"]

1. d4 Nf6 2. c4 c5 3. d5 e6 4. Nc3 exd5 5. cxd5 d6 6. e4 g6 7. h3 a6 8. a4 Bg7
9. Nf3 Nbd7 10. Be2 O-O 11. O-O Qe7 12. Nd2 Ne8 13. Qc2 f5 14. f4 fxe4 15.
Ndxe4 Ndf6 16. Ng3 Nc7 17. Qd3 Bf5 18. Nxf5 gxf5 19. Bf3 Qd7 20. Bd2 Rae8 21.
Rae1 b5 22. b3 Kh8 23. axb5 axb5 24. Nd1 Rxe1 25. Rxe1 Qf7 26. Ne3 Nd7 27. Ba5
c4 28. bxc4 Nc5 29. Qc2 bxc4 30. Qxc4 Ne8 31. Bb6 Nd7 32. Bd4 Kg8 33. Ra1 Bxd4
34. Qxd4 Nc5 35. Rb1 Qd7 36. Nc4 Nf6 37. Rb6 Nfe4 38. Nxd6 Re8 39. Nxe8 1-0

[Event "XV Festival A"]
[Site "Padova ITA"]
[Date "2012.12.23"]
[Round "9"]
[White "Viaggi, Stefano"]
[Black "Mrdja, Milan"]
[WhiteElo "2042"]
[BlackElo "2387"]
[Result "0-1"]
[PlyCount "82"]
[EventDate "2012.12.16"]

1. b3 e5 2. Bb2 d6 3. e3 Nf6 4. d4 exd4 5. Qxd4 Nc6 6. Bb5 Be7 7. Nf3 O-O 8.
Bxc6 bxc6 9. Nc3 c5 10. Qd3 c6 11. O-O a5 12. Rfe1 Bg4 13. e4 Nd7 14. h3 Be6
15. Rad1 f6 16. Qe3 Re8 17. Nh4 Bf8 18. Qg3 Qb8 19. Nf5 d5 20. f4 Kh8 21. Ne2
a4 22. Nh4 axb3 23. axb3 Bf7 24. Qg4 Ra7 25. Ng3 d4 26. Ra1 Rxa1 27. Rxa1 Qc7
28. Re1 Nb6 29. Nhf5 Nd5 30. Bc1 Nb4 31. Re2 d3 32. cxd3 Nxd3 33. Bd2 Bxb3 34.
Nh5 Bd1 35. Bc3 Bxe2 36. Qxe2 Nxf4 37. Qg4 Nxh5 38. Qxh5 Rxe4 39. Nh6 Qe7 40.
Ng4 Kg8 41. Qf5 Qe6 0-1